|
|
|
|
| LEADER |
01321nam a2200265 a 4500 |
| 001 |
13930448 |
| 008 |
120502s2006 njua b 001 0 eng |
| 010 |
|
|
|a 2005040128
|
| 020 |
|
|
|a 0805851763 (acid-free paper)
|
| 020 |
|
|
|a 0805856765 (pbk. : acid-free paper)
|
| 040 |
|
|
|a DLC
|c DLC
|d DLC
|d BD-DhAAL
|
| 050 |
0 |
0 |
|a P51
|b .K883 2006
|
| 082 |
0 |
0 |
|a 418/.0071
|2 22
|
| 100 |
1 |
|
|a Kumaravadivelu, B.,
|d 1948-
|
| 245 |
1 |
0 |
|a Understanding language teaching :
|b from method to post-method /
|c B. Kumaravadivelu.
|
| 260 |
|
|
|a Mahwah, N.J. :
|b Lawrence Erlbaum Associates,
|c 2006.
|
| 300 |
|
|
|a xviii, 258 p. :
|b ill. ;
|c 24 cm.
|
| 490 |
0 |
|
|a ESL and applied linguistics professional series
|
| 504 |
|
|
|a Includes bibliographical references (p. 227-243) and index.
|
| 541 |
|
|
|e 00025073
|
| 650 |
|
0 |
|a Language and languages
|x Study and teaching.
|
| 852 |
1 |
|
|a Ayesha Abed Library
|c General shelf.
|
| 999 |
|
|
|c 12134
|d 12134
|
| 952 |
|
|
|0 0
|1 4
|2 ddc
|4 0
|6 418_007100000000000_KUM
|7 0
|9 20137
|a BRACUL
|b BRACUL
|c GEN
|d 2012-04-28
|e karim International
|g 3200.00
|l 4
|m 16
|o 418.0071 KUM
|p 3010025073
|r 2015-08-17
|s 2015-05-11
|t 1
|w 2012-05-03
|y BK
|x Koha Inventory 2020
|
| 952 |
|
|
|0 0
|1 0
|2 ddc
|4 0
|6 418_007100000000000_KUM
|7 0
|9 20138
|a BRACUL
|b BRACUL
|c GEN
|d 2012-04-28
|e karim International
|g 3200.00
|l 12
|m 60
|o 418.0071 KUM
|p 3010025074
|r 2020-03-05
|s 2020-02-10
|t 2
|w 2012-05-03
|y BK
|